Cogito = (Record no. 78405)
[ view plain ]
| 000 -LEADER | |
|---|---|
| fixed length control field | 00827 a2200265 4500 |
| 001 - CONTROL NUMBER | |
| control field | 78405 |
| 003 - CONTROL NUMBER IDENTIFIER | |
| control field | TR-AnTOB |
| 005 - DATE AND TIME OF LATEST TRANSACTION | |
| control field | 20200505111339.0 |
| 008 - FIXED-LENGTH DATA ELEMENTS--GENERAL INFORMATION | |
| fixed length control field | 100301m tu 00000 tur |
| 022 ## - INTERNATIONAL STANDARD SERIAL NUMBER | |
| International Standard Serial Number | 1300-2880 |
| 040 ## - CATALOGING SOURCE | |
| Original cataloging agency | TOBB ETÜ |
| 041 ## - LANGUAGE CODE | |
| Language code of text/sound track or separate title | Türkçe |
| 050 #0 - LIBRARY OF CONGRESS CALL NUMBER | |
| Classification number | Jornual |
| Item number | COGi |
| 090 ## - LOCALLY ASSIGNED LC-TYPE CALL NUMBER (OCLC); LOCAL CALL NUMBER (RLIN) | |
| Classification number (OCLC) (R) ; Classification number, CALL (RLIN) (NR) | Jornual COGi |
| 245 #0 - TITLE STATEMENT | |
| Title | Cogito = |
| Remainder of title | üç aylık düşünce dergisi. |
| 246 ## - VARYING FORM OF TITLE | |
| Title proper/short title | Düşünce dergisi. |
| 260 ## - PUBLICATION, DISTRIBUTION, ETC. | |
| Place of publication, distribution, etc. | İstanbul : |
| Name of publisher, distributor, etc. | Yapı Kredi Yayayınları, |
| Date of publication, distribution, etc. | 1998- |
| 310 ## - CURRENT PUBLICATION FREQUENCY | |
| Current publication frequency | 3 aylık. |
| 500 ## - GENERAL NOTE | |
| General note | Kütüphanedeki Mevcutlar: 1994-2007,Dizin 41-44,2005 ; 45-49,2006 ; 50-52,2007 ; 59-61,2009- Kütüphanedeki Eksikler: 53,2007 ; 54-57,2008 ;58,2009. |
| 650 ## - SUBJECT ADDED ENTRY--TOPICAL TERM | |
| Topical term or geographic name entry element | Philosophy |
| Form subdivision | Periodicals |
| 9 (RLIN) | 26 |
| Topical term or geographic name entry element | Sosyal bilimler |
| General subdivision | İstatistiksel metodlar |
| 9 (RLIN) | 14352 |
| 903 ## - LOCAL DATA ELEMENT C, LDC (RLIN) | |
| a | Süreli Yayınlar Bölümü |
| 945 ## - LOCAL PROCESSING INFORMATION (OCLC) | |
| a | go |
| 942 ## - ADDED ENTRY ELEMENTS (KOHA) | |
| Koha item type | Continuing Resource |
No items available.
